00872nab a2200229uuc4500001000800000005001700008008004100025035001200066040001300078041000800091100003700099245012600136650002500262650005200287650002100339650002500360700003800385700003800423700003700461700003500498773010900533135118720240202113735.0131122e20120805 spa  a1351187 ccomduadb aspa10aDiaz Iglesias, Eugenio4auteaut10aBioenergética de juveniles de langosta de quelas rojas, Cherax quadricarinatus, alimentados con dos dietas artificiales aBalance energético aLangosta de agua dulce : Cherax quadricarinatus aDieta artificial aRespuesta metabolica10aMeza Castillo, Víctor4auteaut10aBaez Hidalgo, Marysabel4auteaut10aRe-Araujo, Ana Denisse4auteaut10aSilva Loera, Antonio4auteaut0 tHidrobiológica (México)gVolumen 22, Número 02, Agosto 2012, p. 147-160w596369x0188-88970149565